Teacher´s book high School English 2
Guardado en:
| Autor principal: | |
|---|---|
| Formato: | Libro |
| Lenguaje: | español |
| Publicado: |
Santiago
Richmond - Santillana
s f.
|
| Edición: | 2 |
| Catálogo: | MANES: Resultados de Búsqueda del Catálogo |
| Clasificación de libros de texto: |
|
| Etiquetas: |
Agregar Etiqueta
Sin Etiquetas, Sea el primero en etiquetar este registro!
|
| Añadido a: | 2024-04-10 |
| Cambiado en: | 2025-04-25 |
MARC
| LEADER | 00000nam a22000007a 4500 | ||
|---|---|---|---|
| 005 | 20250425101631.0 | ||
| 008 | 240411b |||||||| |||| 00| 0 spa d | ||
| 040 | |a MGM | ||
| 100 | |9 43970 |a Paulina Varas Vallejos |b Autor Secundario | ||
| 245 | |a Teacher´s book high School English 2 | ||
| 250 | |a 2 | ||
| 260 | |a Santiago |b Richmond - Santillana |c s f. | ||
| 300 | |a 192 p. |b 23 x 27,5 cm. | ||
| 546 | |a Chile | ||
| 561 | |5 cl-MGM |3 T Inglés 0188 |a Chile. Museo Gabriela Mistral |k MANES | ||
| 690 | |a LE | ||
| 691 | |a SE | ||
| 942 | |2 ddc |c BK | ||
| 999 | |c 102739 |d 102739 | ||
| 999 | |c manes:102739 |d 102739 | ||